000
00300nam a22001217a 4500
008
180921b xxu||||| |||| 00| 0 eng d
041
_a
eng
080
_a
61
100
_a
3
101
_a
SHM
245
_a
College of Physicians and surgeons complete home medical guide
_c
Tapley,D.F
942
_2
udc
_c
BK
999
_c
48159
_d
48159